História do Mundo - Statistics

Estatísticas Gerais
  • Esse quiz foi jogado 647 vezes
  • A pontuação média é 7 de 15
Estatísticas das Respostas
Questão Resposta % Correto
Qual dessas cidades foi capital do Brasil? Salvador
89%
Qual desses é Júlio César?
76%
Qual dessas afirmações é verdadeira? Cleópatra está mais próxima da invenção do Iphone do que da construção das primeiras pirâmides.
76%
Qual a batalha mais sangrenta da história? Batalha de Stalingrado
67%
Essa é uma revolução singular na história da humanidade, liderada por escravizados e ex-escravizados. Trata-se da Revolução Haitiana
65%
Marie Curie descobriu um novo elemento químico e o batizou em homenagem ao seu país de origem. Qual é o elemento e qual o país homenageado? Polônio, em homenagem a Polônia
62%
A primeira cidade fundada por portugueses no Brasil foi São Vicente, em 1532. Verdade ou Mentira? Verdade
55%
Assinale a afirmativa correta. Olga Benário foi uma militante alemã judia comunista encarcerada pelo Estado Novo e entregue para os nazistas enquanto estava grávida.
53%
Quem governou antes? Juscelino Kubistchek
51%
O presidente do Brasil com cargo de menor tempo foi Carlos Luz
36%
Um desses países não foi colônia britânica. Qual? Líbia
33%
A Segunda Crise do Petróleo ocorreu em que ano e porquê? Em 1979, em consequência da Revolução Islâmica no Irã.
32%
A pessoa mais votada da história é Prabowo Subianto, da Indonésia
18%
A Revolução Sandinista (1979-1990) deu luz a um personagem histórico presente até a atualidade. Trata-se de Daniel Ortega
17%
O país africano com maior produto interno bruto (PIB) atualmente (2/2025) é Egito
15%
Nenhum quiz correspondente encontrado
Distribuição das Pontuações
Porcentagem de Pessoas com Cada Pontuação
Percentil de Números Respondidos
Sua Pontuação Histórica
Você não jogou esse quiz